00876nam a2200181 a 450000100100000000500170001000800410002704000250006808200150009310000340010824500670014226000900020930000340029950000380033350001150037195201910048699900170067700004620620201002052716.0150706s1982 dr ac 000 0 spa d aDO-SdBNPbspacBNPHU axxxxbxxxx1 aSuárez Marill, Mario91821810aPodemos I /cMario Suárez Marill, Tenaida Camilo de Morillo. aSanto Domingo :bSecretaría de Estado de Educación. Bellas Artes y Cultos,c1982. a16 p. :bil.,retrs. ;c26 cm. aPrograma de educación ciudadana aEl programa especial de de Educación ciudadana fué creado mediante el decreto 210, de septiembre 8 de 1982 0010718PDaPDbPDcHDd2015-07-06iLF1l0oxxxx xxxxp46206-10r2020-06-25w2020-06-25yLFPDzPerteneció a la biblioteca personal de Chiqui Vicioso / Fidelio Despradel.ZNo se presta c45695d45695